Reward : Elementary: Grammar and vocabulary
Đã lưu trong:
| 格式: | 图书 |
|---|---|
| 语言: | Undetermined |
| 出版: |
Oxford
MacMillan
1998
|
| 主题: | |
| 标签: |
添加标签
没有标签, 成为第一个标记此记录!
|
| Thư viện lưu trữ: | Trung tâm Học liệu Trường Đại học Cần Thơ |
|---|
| LEADER | 00686nam a2200217Ia 4500 | ||
|---|---|---|---|
| 001 | CTU_65319 | ||
| 008 | 210402s9999 xx 000 0 und d | ||
| 020 | |c 92000 | ||
| 082 | |a 428.0071 | ||
| 082 | |b R454 | ||
| 245 | 0 | |a Reward : | |
| 245 | 0 | |b Elementary: Grammar and vocabulary | |
| 245 | 0 | |c Simon Greenall, Anne Delestrée | |
| 260 | |a Oxford | ||
| 260 | |b MacMillan | ||
| 260 | |c 1998 | ||
| 650 | |a English language | ||
| 650 | |x Textbooks for foreign speakers | ||
| 904 | |i Năm | ||
| 910 | |a Mai chuyển số phân loại từ 428.34/ G795ge sang 428.0071/R454 dùng cho cả bộ. Qhieu đã sửa | ||
| 980 | |a Trung tâm Học liệu Trường Đại học Cần Thơ | ||